00318pab a2200121 454500008004000000100001900040245004800059260000900107300001200116362001000128650002400138773003400162180718b1988 xxu||||| |||| 00| 0 eng d aJones, Marrick aManagerial thinkingbAn African perspective c1988 a481-505 aSept. aExecutives - Africa aJournal of management Studies